000 00408nam a2200157 a 4500
001 7250
003 CO-ViMGA
008 141112s2004 ck r 000 u spa d
040 _aCO-ViMGA
_bspa
_cCO-ViMGA
082 0 4 _a721.5 E721e
245 1 0 _aEscala :
_bedificios hospitales
260 _aBogotá :
_bEscala,
_c199 -
300 _a(100 p) : il
650 1 4 _aHOSPITALES - ARQUITECTURA
_96411
942 _2ddc
_cBK
999 _c19209
_d19209